000 00996nam a2200277Ia 4500
003 OSt
005 20221005110723.0
006 a|||||r|||| 00| 0
007 ta
008 221004b |||||||| |||| 00| 0 hin d
020 _a9789388183055 (hbk)
_cINR 299.00
024 _a42106
037 _bBR/7268, 16/02/2019, Rajkamal Prakashan Pvt. Ltd.
_cTextual
040 _aCRL
_cCRL
_bhin
041 _2hin
_ahin
082 _aO152,3N51x, Q8
100 _aकृष्ण कुमार, ले.
245 0 _aकाठगोदाम
246 _aKāṭhagodāma
260 _aनई दिल्ली
_bराजकमल प्रकाशन भारत
_c2018
300 _a135पृ0
_ccm.
650 _a हिन्दी साहित्य
650 _aहिन्दी कहानी
942 _hO152,3N51x, Q8
_cTEXL
_2cc
999 _c1019671
_d1019671